000 00558nam a2200217Ia 4500
005 20250508164146.0
008 008 250505s9999 xx 000 0 eng d
020 _a1-4051-2463-6
037 _aTextBook
040 _aFEDL
_beng
_cFEDL
041 _aeng
_2eng
084 _a155.4, SCH
_qFEDL
100 _aSchaffer H Rudolph
245 0 _aChild psychology
260 _aMalden, USA
_bBlackwell
_c2004
300 _axx, 384p
365 _aINR
_b875
650 _aChild psychology
942 _cTB
_h155.4, SCH
999 _c1387370
_d1387370